Flags of Pacific Ocean Countries - Statistics

General Stats
  • This quiz has been taken 287 times
  • The average score is 34 of 42
Answer Stats
Picture Answer % Correct
Canada
99%
China
99%
Japan
99%
United States
99%
Australia
98%
South Korea
97%
New Zealand
94%
Russia
93%
Mexico
92%
Cambodia
87%
Chile
86%
Indonesia
86%
Malaysia
86%
North Korea
86%
Vietnam
86%
Colombia
84%
Philippines
84%
Thailand
84%
Papua New Guinea
82%
Brunei
81%
Fiji
81%
Panama
81%
Peru
81%
Singapore
81%
Taiwan
80%
Ecuador
78%
Palau
77%
Tonga
77%
Honduras
76%
Samoa
73%
Costa Rica
72%
Guatemala
72%
Kiribati
72%
El Salvador
71%
Nicaragua
71%
Micronesia
70%
Marshall Islands
68%
Timor Leste
68%
Tuvalu
65%
Vanuatu
64%
Solomon Islands
63%
Nauru
59%
No matching quizzes found
Score Distribution
Percent of People with Each Score
Percentile by Number Answered
Your Score History
You have not taken this quiz